| 000 | 01495 a2200241 4500 | ||
|---|---|---|---|
| 001 | 3348 | ||
| 005 | 20260407155427.0 | ||
| 008 | 260407a2008 arg spa d | ||
| 003 | AR-UNSa-BCEJYS | ||
| 040 |
_aAR-UNSa-BCEJYS _bspa _cAR-UNSa-BCEJYS |
||
| 080 |
_a347.43 _xExtinción de las obligaciones (pago, remisión, novación, rendición de cuentas) |
||
| 245 | 1 | 0 |
_aRendición de cuentas _pdoctrina y jurisprudencia |
| 020 | _a978-987-1419-04-3 | ||
| 264 | 1 |
_aBuenos Aires : _bCathedra Jurídica _c2008 |
|
| 300 |
_a226 p. _c23 cm. |
||
| 505 | _a1. Presentación e importancia de la rendición de cuentas - 2. El factor "confianza" en la designación de quien realiza negocios ajenos - 3. El encargado del negocio ajeno en su rol y función de decidir y administrar - 4. Procedimiento y desarrollo de la rendición de cuenta - 5. La responsabilidad del mandatario o encargado de negocios ajenos - 6. Disposiciones procesales sobre la rendición de cuentas judiciales. Justicia nacional y bonaerense - 7. Contrato de servicio de auditoría externa - 8. Parte especial. Introducción - 9. La rendición de cuentas como obligación accesoria en relación con diversas relaciones jurídicas principales | ||
| 942 | _cBK | ||
| 590 | _aniveau_biblio:m niveau_hierar:0 | ||
| 100 | 1 | _aGhersi, Carlos Alberto | |
| 700 | 1 | _aWeingarten, Celia | |
| 700 | 1 | _aCeriani, Patricia | |
| 856 | 4 | 1 |
_uhttps://biblioeco.unsa.edu.ar/pmb/images/libros/Rendicion de cuentas-l117800.jpg _yImagen de portada _qimage/jpeg |
| 999 |
_c317 _d317 |
||